Úvahy o dětech a lidech v rodině / Eva Vančurová ; il. Miloslav Jágr ; obálka a graf. úprava Věra Koubová
Record details
- Physical Description: 141 s. : obr. ; 20 cm
- Edition: 1. vyd
- Publisher: Praha : SPN, 1987
Content descriptions
| General Note: | Frontispis 5000 výt. |
Search for related items by subject
| Genre: | úvahy |
Search for related items by series
Available copies
- 2 of 2 copies available at Common Catalog SPOK.
Holds
- 0 current holds with 2 total copies.
Show Only Available Copies
| Location | Call Number / Copy Notes | Barcode | Shelving Location | Status | Due Date |
|---|---|---|---|---|---|
| ETS Library | 649.1 | 424470019765 | Volný výběr | Available | - |
| Jabok Library | Ped-7.2.1 | 424480001614 | Odborná literatura | Available | - |
| LDR | 00919cam a2200301 a 4500 | ||
|---|---|---|---|
| 001 | 13924 | ||
| 003 | CZ-PrJAB | ||
| 005 | 20191127141514.0 | ||
| 007 | tu | ||
| 008 | 880321s1987 xr a u0|0 cze | ||
| 015 | . | ‡acnb000035477 | |
| 020 | . | ‡q(Brož.) : ‡c11,50 Kčs | |
| 035 | . | ‡a(CZ OlVK)vkol000165474 | |
| 035 | . | ‡a(OCoLC)39418247 | |
| 040 | . | ‡aABA001 ‡bcze ‡dOLA001 | |
| 080 | . | ‡a173.7 ‡2undef | |
| 082 | 1 | 4. | ‡a649.1 |
| 100 | 1 | . | ‡aVančurová, Eva, ‡d1928- ‡7jk01141441 ‡4aut |
| 245 | 1 | 0. | ‡aÚvahy o dětech a lidech v rodině / ‡cEva Vančurová ; il. Miloslav Jágr ; obálka a graf. úprava Věra Koubová |
| 250 | . | ‡a1. vyd | |
| 260 | . | ‡aPraha : ‡bSPN, ‡c1987 ‡e(Čes. Budějovice : ‡fJČT) | |
| 300 | . | ‡a141 s. : ‡bobr. ; ‡c20 cm | |
| 490 | 1 | . | ‡aKnihy pro rodiče |
| 500 | . | ‡aFrontispis | |
| 500 | . | ‡a5000 výt. | |
| 655 | 7. | ‡aúvahy ‡7fd134000 ‡2czenas | |
| 700 | 1 | . | ‡aJágr, Miloslav, ‡d1927-1997 ‡7jk01050623 ‡4ill |
| 830 | 0. | ‡aKnihy pro rodiče | |
| 910 | . | ‡aABG312 | |
| 910 | . | ‡aABG450 | |
| 995 | . | ‡aska | |
| 901 | . | ‡a13924 ‡bCZ OlVK ‡c13924 ‡tbiblio | |